[Event "Niedersachsen-ch op-C"]
[Site "Verden an der Aller"]
[Date "2020.01.03"]
[Round "3"]
[White "Schoenfeld, Fynn"]
[Black "Gauer, Liam"]
[Result "0-1"]
[WhiteElo "1178"]
[BlackElo "908"]
[PlyCount "56"]
[EventDate "2020.01.02"]
[EventType "swiss"]
[EventRounds "7"]
[EventCountry "GER"]
[SourceTitle "EXT 2023"]
[Source "ChessBase"]
[SourceDate "2022.10.05"]
[SourceVersion "1"]
[SourceVersionDate "2022.10.05"]
[SourceQuality "1"]

1. e4 c5 2. Nc3 e6 3. Bc4 Nc6 4. a3 Qc7 5. d3 a6 6. Be3 b5 7. Ba2 Bb7 8. Nf3 Nf6 9. Qd2 Be7 10. Ne2 h6 11. c4 b4 12. 0-0 h5 13. Bb3 h4 14. h3 Nd4 15. Nexd4 cxd4 16. Nxd4 Nh7 17. Nf3 Qd6 18. axb4 Rg8 19. Bc5 Qc7 20. Bxe7 Kxe7 21. Nxh4 g5 22. Nf3 g4 23. hxg4 Rxg4 24. Qh6 Nf6 25. Bd1 Rag8 26. Nh4 R8g5 27. g3 Rxg3+ 28. Kh1 Rh3# 0-1

[Event "Niedersachsen-ch op-C"]
[Site "Verden an der Aller"]
[Date "2020.01.02"]
[Round "2"]
[White "Sorge, Elias"]
[Black "Schoenfeld, Fynn"]
[Result "0-1"]
[WhiteElo "757"]
[BlackElo "1178"]
[PlyCount "96"]
[EventDate "2020.01.02"]
[EventType "swiss"]
[EventRounds "7"]
[EventCountry "GER"]
[SourceTitle "EXT 2023"]
[Source "ChessBase"]
[SourceDate "2022.10.05"]
[SourceVersion "1"]
[SourceVersionDate "2022.10.05"]
[SourceQuality "1"]

1. d4 d5 2. Nf3 Nc6 3. c4 e6 4. e3 Bb4+ 5. Bd2 Bxd2+ 6. Nbxd2 Nf6 7. Be2 0-0 8. Ne5 Nxe5 9. dxe5 Nd7 10. Nf3 f6 11. exf6 Nxf6 12. 0-0 Qe7 13. Qc2 b6 14. Bd3 Ba6 15. Ng5 g6 16. h4 Nh5 17. Bxg6 Nf6 18. Bd3 h6 19. cxd5 Bxd3 20. Qxd3 hxg5 21. dxe6 gxh4 22. Qg6+ Qg7 23. Qxg7+ Kxg7 24. Rad1 Rae8 25. g3 hxg3 26. fxg3 Rxe6 27. Rc1 Rxe3 28. Rxc7+ Kg6 29. Kg2 Rf7 30. Rc6 Re2+ 31. Rf2 Rxf2+ 32. Kxf2 Kg5 33. Kg2 Rd7 34. a4 Rd2+ 35. Kh3 Rxb2 36. a5 bxa5 37. Rc5+ Kg6 38. Rxa5 Rb7 39. Ra6 Rh7+ 40. Kg2 Kf5 41. Ra5+ Ke4 42. Ra4+ Kd5 43. Ra5+ Kc4 44. Ra4+ Kb5 45. Rf4 Nd5 46. Rf5 Kc5 47. g4 Kd4 48. g5 Ne3+ 0-1

[Event "Niedersachsen-ch op C"]
[Site "Verden"]
[Date "2018.01.07"]
[Round "7"]
[White "Schoenfeld, Fynn"]
[Black "Rehpenn, Tom"]
[Result "1-0"]
[WhiteElo "1030"]
[BlackElo "918"]
[PlyCount "83"]
[EventDate "2018.01.04"]
[EventType "swiss"]
[EventRounds "7"]
[EventCountry "GER"]
[SourceTitle "EXT 2022"]
[Source "ChessBase"]
[SourceDate "2021.10.06"]
[SourceVersion "1"]
[SourceVersionDate "2021.10.06"]
[SourceQuality "1"]

1. d4 d5 2. e3 Bf5 3. f4 e6 4. Nf3 Bd6 5. Be2 Nf6 6. 0-0 Ne4 7. Nbd2 Bg4 8. c3 Bxf3 9. Bxf3 f5 10. Bh5+ g6 11. Bf3 Nxd2 12. Bxd2 Qh4 13. Be1 Qh6 14. c4 0-0 15. cxd5 exd5 16. Bxd5+ Kh8 17. Bxb7 Nd7 18. Bxa8 Rxa8 19. Rc1 g5 20. Bg3 Rb8 21. Qd2 Nf6 22. b3 Ne4 23. Qe1 Nxg3 24. Qxg3 gxf4 25. exf4 Rg8 26. Qf3 c5 27. dxc5 Bc7 28. Rc3 Qg6 29. Rf2 Bd8 30. c6 Bf6 31. Rd3 Bh4 32. g3 Re8 33. Kf1 Rc8 34. gxh4 Rxc6 35. Rd8+ Kg7 36. Rg2 Rc1+ 37. Ke2 Rc2+ 38. Rd2 Rxd2+ 39. Kxd2 Qg4 40. Rxg4+ fxg4 41. Qxg4+ Kh6 42. Qg5# 1-0

[Event "Niedersachsen-ch op C"]
[Site "Verden"]
[Date "2018.01.06"]
[Round "5"]
[White "Schoenfeld, Fynn"]
[Black "Kieselbach, Jannik"]
[Result "0-1"]
[WhiteElo "1030"]
[BlackElo "1286"]
[PlyCount "85"]
[EventDate "2018.01.04"]
[EventType "swiss"]
[EventRounds "7"]
[EventCountry "GER"]
[SourceTitle "EXT 2022"]
[Source "ChessBase"]
[SourceDate "2021.10.06"]
[SourceVersion "1"]
[SourceVersionDate "2021.10.06"]
[SourceQuality "1"]

1. d4 Nf6 2. e3 g6 3. f4 d6 4. Nf3 Bg7 5. c3 Nbd7 6. Be2 0-0 7. 0-0 Re8 8. Re1 b6 9. b3 Bb7 10. Bb2 e5 11. Bb5 e4 12. Nfd2 a6 13. Bc4 b5 14. Be2 Nd5 15. Nf1 N5b6 16. Nbd2 f5 17. c4 bxc4 18. bxc4 Rb8 19. Qb3 c5 20. Qd1 Bc6 21. d5 Bxb2 22. dxc6 Bxa1 23. cxd7 Qxd7 24. Qxa1 Qg7 25. Qc1 Na4 26. Qd1 Nc3 27. Qc2 Rb2 28. Qc1 Rxa2 29. Ng3 Nxe2+ 30. Rxe2 Qb2 31. Qxb2 Rxb2 32. Rf2 Rb7 33. Ndf1 a5 34. Ra2 Ra7 35. Nd2 Rb8 36. Ra4 Rb4 37. Ra3 h5 38. h4 Kf8 39. Kf1 Ke7 40. Ke1 Ke6 41. Ne2 d5 42. Nc3 dxc4 43. Kd1 0-1

[Event "Niedersachsen-ch op C"]
[Site "Verden"]
[Date "2018.01.05"]
[Round "3"]
[White "Schoenfeld, Fynn"]
[Black "Alhamid, Mohamad"]
[Result "0-1"]
[WhiteElo "1030"]
[BlackElo "1224"]
[PlyCount "48"]
[EventDate "2018.01.04"]
[EventType "swiss"]
[EventRounds "7"]
[EventCountry "GER"]
[SourceTitle "EXT 2022"]
[Source "ChessBase"]
[SourceDate "2021.10.06"]
[SourceVersion "1"]
[SourceVersionDate "2021.10.06"]
[SourceQuality "1"]

1. d4 d5 2. e3 Nf6 3. f4 Bg4 4. Nf3 a6 5. c3 Nbd7 6. Be2 c5 7. 0-0 Ne4 8. Nbd2 Ndf6 9. h3 Bh5 10. Qe1 Qd7 11. Ne5 Qc8 12. g4 g6 13. Bf3 Rg8 14. Bxe4 Nxe4 15. Nxe4 dxe4 16. Qh4 f6 17. Nc4 cxd4 18. Na3 dxc3 19. gxh5 cxb2 20. Bxb2 Qc5 21. Rfe1 Qb4 22. Rab1 Qd2 23. Nc4 gxh5+ 24. Kf1 Qg2# 0-1

[Event "GER-chT U10"]
[Site "Magdeburg"]
[Date "2015.12.28"]
[Round "5.4"]
[White "Gargulla, Matti"]
[Black "Schoenfeld, Fynn"]
[Result "1-0"]
[WhiteElo "919"]
[BlackElo "1113"]
[PlyCount "33"]
[EventDate "2015.12.27"]
[EventType "team-swiss"]
[EventRounds "7"]
[EventCountry "GER"]
[SourceTitle "EXT 2017"]
[Source "ChessBase"]
[SourceDate "2016.10.25"]
[SourceVersion "1"]
[SourceVersionDate "2016.10.25"]
[SourceQuality "1"]
[WhiteTeam "Goettingen Rochade"]
[BlackTeam "Hagen"]
[WhiteTeamCountry "GER"]
[BlackTeamCountry "GER"]

1. e4 e5 2. Nf3 Nc6 3. Nc3 Nf6 4. d4 exd4 5. Nxd4 Bc5 6. Nxc6 bxc6 7. Bd3 d6 8. 0-0 0-0 9. Qf3 Bd7 10. Qg3 h6 11. Bxh6 Nh5 12. Qf3 Nf6 13. Bg5 Bd4 14. Qg3 Qe7 15. Qh4 Rab8 16. e5 Bxe5 17. Bxf6 1-0

[Event "Bremen-ch op"]
[Site "Bremen"]
[Date "2015.04.04"]
[Round "9"]
[White "Schoenfeld, Fynn"]
[Black "Bilek, Sadat"]
[Result "1-0"]
[WhiteElo "883"]
[BlackElo "1000"]
[PlyCount "103"]
[EventDate "2015.03.28"]
[EventType "swiss"]
[EventRounds "9"]
[EventCountry "GER"]
[SourceTitle "EXT 2018"]
[Source "ChessBase"]
[SourceDate "2017.10.13"]
[SourceVersion "1"]
[SourceVersionDate "2017.10.13"]
[SourceQuality "1"]

1. d4 d5 2. Bf4 e6 3. Qd2 Bd6 4. Bxd6 Qxd6 5. c3 Qb6 6. Qc2 Nf6 7. Nf3 0-0 8. e3 Nc6 9. c4 Rd8 10. c5 Qa5+ 11. Nc3 Ne4 12. Bd3 Nb4 13. Qb1 Nxd3+ 14. Qxd3 Bd7 15. a3 Nxc3 16. Qd2 b6 17. cxb6 axb6 18. Qxc3 Qxc3+ 19. bxc3 c5 20. 0-0 cxd4 21. cxd4 Bb5 22. Rfb1 Be2 23. Rxb6 Bxf3 24. gxf3 Rab8 25. Rxb8 Rxb8 26. a4 Kf8 27. a5 Ra8 28. Kf1 Ke7 29. Ke2 f6 30. e4 dxe4 31. fxe4 f5 32. f3 fxe4 33. fxe4 Kd6 34. Kd3 Rb8 35. Kc4 Rc8+ 36. Kb5 Rb8+ 37. Kc4 g5 38. e5+ Ke7 39. a6 Ra8 40. d5 h5 41. d6+ Kd7 42. Kb5 g4 43. Kb6 Rb8+ 44. Ka7 h4 45. Kxb8 g3 46. hxg3 h3 47. a7 h2 48. a8Q h1Q 49. Rxh1 Kd8 50. Rf1 Kd7 51. Qb7+ Ke8 52. Qe7# 1-0

[Event "Bremen-ch op"]
[Site "Bremen"]
[Date "2015.04.03"]
[Round "8"]
[White "Schoenfeld, Fynn"]
[Black "Mayland, Jannis"]
[Result "1-0"]
[WhiteElo "883"]
[BlackElo "822"]
[PlyCount "51"]
[EventDate "2015.03.28"]
[EventType "swiss"]
[EventRounds "9"]
[EventCountry "GER"]
[SourceTitle "EXT 2018"]
[Source "ChessBase"]
[SourceDate "2017.10.13"]
[SourceVersion "1"]
[SourceVersionDate "2017.10.13"]
[SourceQuality "1"]

1. d4 d5 2. Nc3 Nc6 3. Bf4 Bf5 4. a3 e6 5. e3 Bd6 6. Bxd6 Qxd6 7. Nb5 Qd7 8. Bd3 Nge7 9. Nf3 0-0-0 10. Qd2 Bg4 11. 0-0-0 Bxf3 12. gxf3 e5 13. dxe5 Nxe5 14. f4 N5c6 15. Rhe1 f5 16. Re2 Rde8 17. f3 Ng6 18. Nd4 Nxd4 19. exd4 Rxe2 20. Bxe2 Qd6 21. Qb4 Qxf4+ 22. Kb1 Qxh2 23. Bd3 Qf4 24. Re1 Ne7 25. Qxe7 Qxd4 26. Bxf5+ 1-0